000 00446nam a2200169Ia 4500
003 GCL
008 140319s9999 xx 000 0 ara d
040 _aGCL /
_cGCL
082 0 4 _aق
_b720.9
_bز ج
100 1 _aزكى سعد
245 1 0 _aالجعران /
_cزكى سعد
300 _a28 ص
490 _aامجاد الوطن العربى
_v0
650 0 4 _aالفن المصرى القديم
650 0 4 _aالجعران
942 _2ddc
_cBK
999 _c47473
_d47473